000 00510nam a22001817a 4500
999 _c5350
_d5350
003 GBCCL
005 20241126110539.0
008 180315b ||||| |||| 00| 0 eng d
020 _a1852402334
040 _cgbc
082 _a248.4
_bSAM
100 _aSampson, Steve
_97849
245 _aThose who expect nothing are never Disappointed:
_bLet My Spirit Move /
_cSteve Sampson
260 _aEngland:
_bSovereign World,
_c2000
300 _a155 p.;
_c22 cm.
650 _aChristian life
_9183
942 _2ddc
_cBK
_01